|
|
|
|
| LEADER |
00774nab a2200205 i 4500 |
| 001 |
misc73874 |
| 005 |
20241018111430.0 |
| 008 |
240118s1955 hu o 000 eng d |
| 040 |
|
|
|a SZTE Miscellanea Repozitórium
|b hun
|
| 041 |
|
|
|a eng
|
| 100 |
2 |
|
|a Szent-Györgyi Andrew G.
|
| 245 |
1 |
3 |
|a On the nature of the cross-striation of body muscle
|h [elektronikus dokumentum] /
|c Szent-Györgyi Andrew G.
|
| 260 |
|
|
|a Elsevier
|b Amsterdam, London, Houston, New York
|c 1955
|
| 300 |
|
|
|a 339-342
|
| 490 |
0 |
|
|a Biochimica et Biophysica Acta
|v 16
|
| 561 |
|
|
|a Szent-Györgyi Albert tudományos és egyéb írásai
|
| 695 |
|
|
|a Izom
|
| 700 |
0 |
1 |
|a Mazia Daniel
|e aut
|
| 700 |
0 |
2 |
|a Szent-Györgyi Albert
|e aut
|
| 856 |
4 |
0 |
|u http://misc.bibl.u-szeged.hu/73874/1/szgya_magyar_249.pdf
|z Dokumentum-elérés
|